000 01072nam a22003377a 4500
001 BR8102876
003 BR-BrBNA
005 20230928090945.0
007 ta
008 230509b bl.||||| |||| 00| 0 por d
040 _aBR-BrBNA
_bpor
_cBiblioteca Nacional de Agricultura
041 _a(Por)
072 _aF00; E30
_b0170
_b/G514
090 _ 0170 BR8102876
100 1 _aAlcantara, A.R.
100 1 _aMendonca, H.O.
100 1 _aGarcia, K.F.
110 1 _aFundacao Estadual de Planejamento Agricola do Rio Grande do Norte, Natal (Brasil)
_94891
245 1 _aPrograma de incentivo a cultura do sorgo no Rio Grande do Norte [Sorghum spp; Brasil]
246 1 _a[The sorghum crop increasing programme in Rio Grande do Norte [Sorghum spp; Brazil]]
260 3 _aNatal, RN (Brasil):
_c1980.
300 _a13 p.
500 _a7 tables
650 _aProducao vegetal
650 _aPrograma de desenvolvimento
650 _aSorgo
650 _aPolitica agricola
650 _aRio Grande do Norte
909 _a202309
_bLucia
_c55
_dLucia Elande
942 _cBK
999 _c31454
_d31454